000 00622nam a22001697a 4500
003 MACL
005 20160112173428.0
008 160112b xxu||||| |||| 00| 0 eng d
040 _cMACL
041 _aHindi
082 _a332
100 _aसम्‍पादक मण्‍डल प्रतियोगिता दर्पण
_931574
245 _aबैंक लिपिकीय संवर्ग सम्मिलित लिखित परीक्षा
260 _aआगरा
_bउपकार प्रकाशन
650 _aबैंक परीक्षा
_931554
942 _2ddc
_cHIN
999 _c52101
_d52101